Регионална библиотека "Любен Каравелов" - Русе

С английски език в медицинската практика (Запис номер 112962)

MARC детайли
000 -Лидер
Контролно поле с фиксирана дължина 01353nam a2200361 a 4500
003 - Код на организацията, давaща контролен номер
Контролно поле BLK
005 - Дата и час на последна редакция
Контролно поле 20230623155653.0
008 - Елементи от данни с фиксирана дължина
fixed length control field 180409b bul|||||r ||||||| ||bul||
010 ## - Наследен системен номер
LC control number KNG00118346000
040 ## - Източник на каталожния запис
Идентификатор на билиотеката - собственик на записа BLK
041 ## - Код за език
Код за езика на текст/звукозапис или на отделно заглавие Английски
Код за езика КДБФ Английски
080 ## - УДК
Текстов определител УДК Английски език
УДК код - определител по УДК 811.111
УДК определител (035)
УДК - код + определител 811.111(035)
100 1# - Редна дума - Автор
Автор Босев, Христо Иванов
Авторска отговорност първи автор
R(LIN) 252901
139 ## - Редно поле
Редна дума Босев, Христо Иванов
Авторски знак Бос - Б 68
245 10 - Сведения за заглавието
Заглавие С английски език в медицинската практика
Подзаглавни данни Справочник
Редно поле (дума) Христо Иванов Босев; консултант Христо Лъвчиев.
246 11 - Различни форми на заглавието
Паралелно заглавие The Language of Medical Practice in English
257 ## - Страна на издаване
Страна на създаване/издаване България
260 ## - Област на издателските данни
Място на издаване, разпространение и проч. Русе
Име на издателя, разпространителя и проч. Изд. авт.
Година на издаване 1993
300 ## - Физическа характеристика
Страници 144 с.
Размери/Мащаб 23 см.
380 ## - Жанр
Жанр Езикознание. Филология
500 ## - Общи забележки
Забележка 5 000 тир. - Библиогр. с. 143.
650 #4 - Допълнително описание по предмет – тема
Основно описание – тема или топоним Английски език - в медицината - учебници
9 (RLIN) 264116
653 ## - Ключова дума – ненормативна
Ключова дума английски език
653 ## - Ключова дума – ненормативна
Ключова дума медицина
700 1# - Други автори (авторска отговорност)
Лично име Лъвчиев, Христо
Автороска отговорност (Описва отношението между автора и произведението) консултант
9 (RLIN) 312731
852 ## - Местоположение
Форматна сигнатура Цб 176607
Фондова буква Хранилище
856 4# - Електронен адрес и достъп
Електронен формат pdf - файл
856 4# - Електронен адрес и достъп
Електронен формат pdf - файл
942 ## - АРТИКУЛИ
Вид на библиотечния материал Книги
Скрит в OPAC Не
Koha issues (borrowed), all copies 1
944 ## - СЪЗДАВАНЕ И РЕДАКЦИЯ на ЗАПИСА
Създаване/Редакция Създаване
Дата на регистрацията/редакция 21.06.2007
Служител, извършил регистрацията/редакцията Кети_Илиева
944 ## - СЪЗДАВАНЕ И РЕДАКЦИЯ на ЗАПИСА
Създаване/Редакция Редакция
Дата на регистрацията/редакция 10.03.2014
999 ## - СИСТЕМНИ КОНТРОЛНИ НОМЕРА
Koha biblionumber 112962
Koha biblioitemnumber 112962
999 ## - СИСТЕМНИ КОНТРОЛНИ НОМЕРА
Koha biblioitemnumber 112962
Наличности
Код за отписване Код за изгубен артикул Код за повреда Коз за рестрикции Код за отдаване Артикулен № Име на библиотеката - собственик Име на библиотеката, в която се намира в момента Статус (Текущо местоположение) Местоположение - отдел Цена в лева Инвентарен номер Систематично азбучна сигнатура Баркод Номер на екземпляра Цена в евро Служебна бележка Служебен тип на артикула Източник на класификационната схема Дата на вписване в системата
  Не е изгубен Не е повреден без рестрикции заемане за дома 180958 Регионална библиотека "Любен Каравелов" Русе Регионална библиотека "Любен Каравелов" Русе ЧЧЗО - англ. ез. - Британски съвет ЧЧЗО - англ. ез. - Британски съвет 0.00 594706 Ч3 802.0/Б 68 594706 1 0.00 Дата инв: 17.03.2015 Бележки инв: Ч32015 Книги    
  Не е изгубен Не е повреден само за читалня ползва се в читалня 730525 Регионална библиотека "Любен Каравелов" Русе Регионална библиотека "Любен Каравелов" Русе Хранилище Основен фонд - ползва се само за читалня 8.00   Цб 295890 120000834366   4.09   Книги Universal Decimal Classification 2019-07-16
  Не е изгубен Не е повреден без рестрикции ползва се в читалня 783860 Регионална библиотека "Любен Каравелов" Русе Регионална библиотека "Любен Каравелов" Русе Хранилище Хранилище 0.00 586928 Цб 176607 120000586928   0.00   Книги Universal Decimal Classification 2020-07-14
Vip Innovations Ltd, Rousse, Bulgaria 2025